LEADER 01324nam a2200301 i 4500 001 000000159523 003 CaOOAMICUS 005 20070228000000.0 008 070228s1991 it u000 u ita u 013 $a136886 020 $a88-18-18013-4 040 $aSeMil$bita 100 1 $aWies, Ernst Wilhelm,$d<1922-2012>.$0(OLS)http://semarc/name/41871 240 10$aKaiser Friederich Barbarossa : Mythos und Wirklichkeit.$0(OLS)http://semarc/title/141613 245 10$aFederico Barbarossa :$bmito e realtà /$cErnst W. Wies. 260 $aMilano :$bRusconi,$c1991. 300 $a339 p., [4] p. di tav. :$bill. ;$c22 cm. 490 0 $aLa storia 500 $aContiene : Indicazioni Bibliografiche. - Fondo Card. Giovanni Colombo. 600 04$aFederico I : Hohenstaufen .$0(OLS)http://semarc/subject/9054 830 3$aLa storia [Rusconi].$0(OLS)http://semarc/title/9248 850 $aSeMil 852 $aSeMil$W1$xVenegono$y1$m1O I 133$j111080$B111080$CSeMilBibl$Z2$F120687 $81 941 1 $a3 961 $aLascito: Colombo Card. Giovanni 996 $6020$a88-18-18013-4$9(OLS)http://semarc/number/75144 996 $6245$aFederico Barbarossa :$bmito e realtà$9(OLS)http://semarc/title/141612 996 $6260$aMilano :$bRusconi$9(OLS)http://semarc/publisher/30258 LEADER 01450nam a2200241 i 4500 001 000000053449 003 CaOOAMICUS 005 20110108000000.0 008 110108s1953 it u000 u ita u 013 $a24621 040 $aSeMil$bita 100 1 $aBorgonovo, Giustino,$c.$0(OLS)http://semarc/name/5872 245 10$aManuale di liturgia ambrosiana, ossia, regole e cerimonie dei Sacramenti, del sacrificio e dei Sacramentali :$braccolte ed ordinate in testo unico col direttorio per le feste dell'anno ecclesiastico ambrosiano /$cP. Giustino Borgonovo ; 3. edizione aggiornata dal Sac. Dott. Luigi Oldani. 260 $aVarese :$bTipografia dell'Addolorata,$c1953. 300 $aXXX, 595 p. ;$c21 cm. 650 4$aCerimoniale - Rito ambrosiano - Commentari e studi.$0(OLS)http://semarc/subject/7831 650 4$aLiturgia - Manuali.$0(OLS)http://semarc/subject/87 700 1 $aOldani, Luigi <1905-1976>.$0(OLS)http://semarc/name/1018 850 $aSeMil 852 $aSeMil$W1$xVenegono$y1$m3K II 12/A$j19603$B19603$CSeMilBibl$Z2$F19605 $81 961 $aOmaggio: Donazione 996 $6245$aManuale di liturgia ambrosiana, ossia, regole e cerimonie dei Sacramenti, del sacrificio e dei Sacramentali :$braccolte ed ordinate in testo unico col direttorio per le feste dell'anno ecclesiastico ambrosiano$9(OLS)http://semarc/title/82341 996 $6260$aVarese :$bTipografia dell'Addolorata$9(OLS)http://semarc/publisher/41570